| 000 | 00658nam a2200193Ia 4500 | ||
|---|---|---|---|
| 003 | 0 | ||
| 005 | 20250115124012.0 | ||
| 008 | 161205s9999 xx 000 0 und d | ||
| 050 |
_aPHS HQ 769.92 _b.G761 2015 |
||
| 100 | _aGrant, Alecsandrya Y. | ||
| 245 |
_aFamily size and level of sibling rivalry / _cAlecsandrya Y. Grant |
||
| 260 |
_aLas PiƱas, Philippines : _bSouthville International School and Colleges, _c2015. |
||
| 300 |
_aiii, 23 p. : _bill. ; _c28 cm. |
||
| 504 | _aIncludes bibliographical references. | ||
| 650 | _aSibling rivalry. | ||
| 650 | _aFamily size. | ||
| 650 |
_aSibling relationships _vPsychological aspects. |
||
| 942 |
_2lcc _cPASS |
||
| 999 |
_c305315 _d305315 |
||